[Event "XXVII Festival A"]
[Site "Arco ITA"]
[Date "2005.10.22"]
[Round "1"]
[White "Murli, Almerico"]
[Black "Cazzaniga, Walter"]
[Result "1/2-1/2"]
[WhiteElo "1803"]
[BlackElo "2104"]
[PlyCount "61"]
[EventDate "2005.10.22"]

1. e4 e6 2. d4 d5 3. Nd2 Nc6 4. Ngf3 Nf6 5. e5 Nd7 6. c3 f6 7. exf6 Qxf6 8. Bd3
e5 9. dxe5 Ndxe5 10. Bb5 Bd6 11. Nxe5 Bxe5 12. Nf3 O-O 13. O-O Be6 14. Bxc6
bxc6 15. Nxe5 Qxe5 16. Qd4 Qxd4 17. cxd4 Rab8 18. Re1 Kf7 19. b3 Rb5 20. Bf4
Rb7 21. Re3 Re8 22. Rae1 Bd7 23. Rxe8 Bxe8 24. Be5 a5 25. Re3 a4 26. Rf3+ Kg8
27. Rg3 g6 28. f4 axb3 29. Rxb3 Rxb3 30. axb3 Kf7 31. Bxc7 1/2-1/2

[Event "XXVII Festival A"]
[Site "Arco ITA"]
[Date "2005.10.22"]
[Round "1"]
[White "Papale, Carmelo"]
[Black "De Santis, Alessio"]
[Result "0-1"]
[WhiteElo "1969"]
[BlackElo "2331"]
[PlyCount "72"]
[EventDate "2005.10.22"]

1. e4 c5 2. Nf3 e6 3. d3 Nc6 4. g3 Be7 5. Bg2 h5 6. h4 Nf6 7. Nbd2 d6 8. a4 Ng4
9. Qe2 e5 10. Nc4 f6 11. Bd2 Be6 12. b3 Qd7 13. Ne3 Nxe3 14. Bxe3 Bg4 15. Qd2
O-O-O 16. Ng1 Kb8 17. Ne2 Nd4 18. Bxd4 cxd4 19. c4 g5 20. Nc1 gxh4 21. Rxh4
Rdg8 22. Na2 f5 23. Rh2 f4 24. gxf4 exf4 25. Nb4 f3 26. Bf1 Bg5 27. Qb2 Bf4 28.
Rh1 Be6 29. a5 h4 30. a6 b6 31. Nc2 h3 32. b4 h2 33. Nxd4 Be5 34. O-O-O Rg1 35.
b5 Rxh1 36. Nc6+ Qxc6 0-1

[Event "XXVII Festival A"]
[Site "Arco ITA"]
[Date "2005.10.22"]
[Round "1"]
[White "Pedrotti, Luciano"]
[Black "Tocco, Paolo"]
[Result "0-1"]
[WhiteElo "1862"]
[BlackElo "2151"]
[PlyCount "80"]
[EventDate "2005.10.22"]

1. e4 e5 2. Nf3 Nc6 3. Bb5 Nge7 4. c3 a6 5. Ba4 b5 6. Bc2 g6 7. O-O Bg7 8. d3
O-O 9. Be3 d5 10. Bc5 Bg4 11. h3 Bxf3 12. Qxf3 d4 13. Bb3 Na5 14. cxd4 exd4 15.
Nd2 Nac6 16. a3 Kh8 17. Qe2 f5 18. f3 Qd7 19. Rfe1 f4 20. Nf1 Rfe8 21. Qd2 g5
22. Nh2 Ng6 23. Bd5 Rad8 24. Bxc6 Qxc6 25. Rac1 Qe6 26. Ng4 h5 27. Nh2 Ne5 28.
Qc2 Rd7 29. Bb4 Bf6 30. Red1 Rg8 31. Qf2 g4 32. fxg4 hxg4 33. hxg4 Nxg4 34. Qf3
Nxh2 35. Kxh2 Rh7+ 36. Kg1 Be5 37. Be1 Qh6 38. Rd2 Qh1+ 39. Kf2 Rg3 40. Qxg3
fxg3+ 0-1

[Event "XXVII Festival A"]
[Site "Arco ITA"]
[Date "2005.10.22"]
[Round "1"]
[White "Perich, Stefano"]
[Black "Zagrebelny, Sergey"]
[Result "0-1"]
[WhiteElo "2003"]
[BlackElo "2513"]
[PlyCount "46"]
[EventDate "2005.10.22"]

1. c4 Nf6 2. g3 e5 3. Nc3 Bc5 4. Bg2 O-O 5. e3 Re8 6. Nge2 Nc6 7. O-O d6 8. d4
Bb6 9. d5 Ne7 10. Na4 Bf5 11. Nxb6 axb6 12. f3 e4 13. f4 Qd7 14. Nc3 c6 15. b3
cxd5 16. cxd5 Bh3 17. Qd4 Bxg2 18. Kxg2 Qf5 19. Nb5 Red8 20. Qxb6 Nexd5 21. Nd4
Qc8 22. Qb5 Qc3 23. Rb1 Rxa2+ 0-1

[Event "XXVII Festival A"]
[Site "Arco ITA"]
[Date "2005.10.22"]
[Round "1"]
[White "Pieri, Enzo"]
[Black "Marchand, Francois"]
[Result "0-1"]
[WhiteElo "1949"]
[BlackElo "2269"]
[PlyCount "70"]
[EventDate "2005.10.22"]

1. e4 c6 2. d4 d5 3. e5 Bf5 4. Bd3 Bxd3 5. Qxd3 e6 6. a3 c5 7. c3 Nc6 8. Nf3 c4
9. Qd1 Nge7 10. O-O Nc8 11. b4 cxb3 12. Qxb3 Nb6 13. Nbd2 Qd7 14. Rb1 Be7 15.
a4 O-O 16. Qb5 Nd8 17. a5 Qxb5 18. Rxb5 Na4 19. c4 dxc4 20. Nxc4 Rc8 21. Nd6
Rc2 22. Be3 Nc3 23. Rb3 Bxd6 24. exd6 f6 25. Bd2 Ne2+ 26. Kh1 Nxd4 27. Nxd4
Rxd2 28. Rb4 g6 29. f4 e5 30. fxe5 fxe5 31. Rxf8+ Kxf8 32. Nf3 Rd1+ 33. Ng1
Rxd6 34. Re4 Nf7 35. g3 Ra6 0-1

[Event "XXVII Festival A"]
[Site "Arco ITA"]
[Date "2005.10.22"]
[Round "1"]
[White "Pojer, Romeo"]
[Black "Dusi, Valerio"]
[Result "0-1"]
[WhiteElo "2153"]
[BlackElo "1882"]
[PlyCount "82"]
[EventDate "2005.10.22"]

1. e4 e5 2. Nf3 Nc6 3. Bb5 a6 4. Ba4 Nf6 5. d3 d6 6. c3 Be7 7. Nbd2 Bd7 8. Nf1
O-O 9. Ng3 b5 10. Bb3 a5 11. a3 a4 12. Ba2 Be6 13. Bxe6 fxe6 14. O-O d5 15. Qe2
d4 16. cxd4 Nxd4 17. Nxd4 exd4 18. f4 c5 19. f5 e5 20. Nh1 c4 21. Nf2 Rc8 22.
g4 Nd7 23. Bd2 Nc5 24. Rad1 Nb3 25. Kg2 c3 26. Bc1 b4 27. Nh3 Nxc1 28. Rxc1 b3
29. Rg1 Bg5 30. Nxg5 Qxg5 31. Kh1 Qd2 32. Qf3 cxb2 33. Rcd1 Qg5 34. Qg3 Qf4 35.
Qxf4 exf4 36. e5 Rc2 37. e6 Rfc8 38. Rde1 Rc1 39. e7 Rxe1 40. Rxe1 Kf7 41. Kg2
Ke8 0-1

[Event "XXVII Festival A"]
[Site "Arco ITA"]
[Date "2005.10.22"]
[Round "1"]
[White "Reppen, Sigmund"]
[Black "Schaefer, Michael"]
[Result "1/2-1/2"]
[WhiteElo "1916"]
[BlackElo "2217"]
[PlyCount "91"]
[EventDate "2005.10.22"]

1. e4 c5 2. Nf3 d6 3. d4 cxd4 4. Nxd4 Nf6 5. Nc3 e6 6. Be2 Be7 7. O-O Nc6 8.
Be3 Bd7 9. Kh1 O-O 10. Qd2 Nxd4 11. Bxd4 Bc6 12. f3 a6 13. a4 Qc7 14. a5 Nd7
15. Na4 d5 16. exd5 Bxd5 17. Nb6 Nxb6 18. Bxb6 Qe5 19. Bd4 Qf5 20. Rfd1 Rac8
21. Bd3 Qh5 22. Qf4 Rfd8 23. Qe5 Qh6 24. Be3 Qh4 25. Qg3 Qxg3 26. hxg3 Bf6 27.
c3 Bb3 28. Rd2 g6 29. Be4 Rxd2 30. Bxd2 Rd8 31. Be3 Rd7 32. Kg1 Be7 33. f4 f5
34. Bf3 Bf6 35. Kf1 h6 36. Ke1 g5 37. Bd1 Bd5 38. Bf3 Bb3 39. Bd1 Rxd1+ 40.
Rxd1 Bxd1 41. Kxd1 e5 42. Kc2 Kf7 43. Kd3 Ke6 44. b4 Kd5 45. c4+ Kc6 46. Kc2
1/2-1/2

[Event "XXVII Festival A"]
[Site "Arco ITA"]
[Date "2005.10.22"]
[Round "1"]
[White "Salati, Paolo"]
[Black "Dittmar, Peter"]
[Result "0-1"]
[WhiteElo "1954"]
[BlackElo "2322"]
[PlyCount "58"]
[EventDate "2005.10.22"]

1. e4 e6 2. Qe2 b6 3. g3 Bb7 4. Bg2 f5 5. d3 Nf6 6. Bg5 Be7 7. Nc3 O-O 8. f4
fxe4 9. dxe4 Nc6 10. O-O-O e5 11. f5 Nd4 12. Qd3 Ng4 13. Bxe7 Qxe7 14. Nh3 d6
15. Bf3 Nh6 16. Rhf1 a5 17. Qc4+ Kh8 18. Nd5 Bxd5 19. Qxd5 b5 20. Rxd4 exd4 21.
Qxb5 Nf7 22. Qd3 c5 23. Qd2 Ne5 24. Bh1 Rab8 25. b3 a4 26. Nf4 axb3 27. cxb3
Qa7 28. Kd1 c4 29. bxc4 Nxc4 0-1

[Event "XXVII Festival A"]
[Site "Arco ITA"]
[Date "2005.10.22"]
[Round "1"]
[White "Sautto, Alessandra"]
[Black "Ager, Josef"]
[Result "1/2-1/2"]
[WhiteElo "1939"]
[BlackElo "2246"]
[PlyCount "90"]
[EventDate "2005.10.22"]

1. d4 Nf6 2. Nf3 g6 3. Nbd2 Bg7 4. e4 d6 5. Bd3 Nbd7 6. O-O c6 7. Qe2 e5 8. c3
O-O 9. dxe5 dxe5 10. Rd1 Qc7 11. Nf1 Nc5 12. Bc2 Ne6 13. g3 a5 14. a4 b6 15.
Be3 Ng4 16. Rd2 f5 17. exf5 gxf5 18. h3 Nxe3 19. Qxe3 Nc5 20. Qg5 Ne4 21. Bxe4
fxe4 22. Nh4 Bxh3 23. Ne3 Qf7 24. Ng4 Bxg4 25. Qxg4 Rad8 26. Rad1 Rxd2 27. Rxd2
e3 28. fxe3 Kh8 29. Qe2 Bh6 30. Kg2 Qf6 31. Rd1 Rg8 32. Kh2 Qg5 33. Qe1 Qg4 34.
e4 Bg5 35. Nf5 h5 36. Rd3 h4 37. Kg2 Rg6 38. Nd6 Bf4 39. Nf5 hxg3 40. Rd8+ Kh7
41. Rd7+ Kg8 42. Qf1 Kh8 43. Qh1+ Bh6 44. Rd8+ Kh7 45. Rd7+ Kh8 1/2-1/2

[Event "XXVII Festival A"]
[Site "Arco ITA"]
[Date "2005.10.22"]
[Round "1"]
[White "Savarese, Vincenzo"]
[Black "Dalponte, Dino"]
[Result "1/2-1/2"]
[WhiteElo "1778"]
[BlackElo "2101"]
[PlyCount "86"]
[EventDate "2005.10.22"]

1. e4 d6 2. d4 g6 3. g3 Bg7 4. Bg2 c6 5. a4 Nf6 6. Nc3 O-O 7. Nge2 a5 8. h3 Qc7
9. O-O Na6 10. Be3 Nb4 11. g4 e5 12. Ng3 Nd7 13. Nce2 Nb6 14. c3 Na6 15. Qb3
Nd7 16. f4 exf4 17. Bxf4 Nf6 18. Bg5 Ne8 19. Rf2 Be6 20. d5 Bc8 21. Raf1 c5 22.
Qc2 Nb8 23. Qd2 b6 24. Bh6 Nd7 25. Bxg7 Nxg7 26. Nc1 Ba6 27. Re1 Ne5 28. Bf1
Bxf1 29. Rexf1 Qe7 30. Qh6 Rae8 31. Rf6 Nd7 32. R6f2 Ne5 33. Rf6 Nd7 34. R6f2
f6 35. Nd3 Ne5 36. Nxe5 fxe5 37. Kg2 Rxf2+ 38. Rxf2 Rf8 39. Rxf8+ Qxf8 40. Qg5
Qe8 41. Qf6 Qd7 42. b3 Ne8 43. Qg5 Kf8 1/2-1/2

[Event "XXVII Festival A"]
[Site "Arco ITA"]
[Date "2005.10.22"]
[Round "1"]
[White "Schacher, Gerd"]
[Black "Bergvoll, Mats"]
[Result "1-0"]
[WhiteElo "2258"]
[BlackElo "1944"]
[PlyCount "81"]
[EventDate "2005.10.22"]

1. c4 e5 2. Nc3 Nf6 3. Nf3 Nc6 4. g3 d5 5. cxd5 Nxd5 6. Bg2 Nb6 7. O-O Be7 8.
a3 O-O 9. d3 a5 10. Be3 Be6 11. Rc1 f5 12. Na4 Nxa4 13. Qxa4 Bf6 14. Nd2 Bd5
15. Bxd5+ Qxd5 16. Rc2 g5 17. Qb3 Qxb3 18. Nxb3 f4 19. Bc5 Rf7 20. Nd2 h6 21.
Ne4 Be7 22. Bxe7 Rxe7 23. Rfc1 Kf7 24. Kf1 Rc8 25. Rc3 Na7 26. g4 b6 27. Nd6+
cxd6 28. Rxc8 Nxc8 29. Rxc8 d5 30. Rd8 d4 31. Rc8 Re8 32. Rxe8 Kxe8 33. Kg2 Kd7
34. Kf3 Ke7 35. Ke4 Ke6 36. b3 Kd6 37. Kf5 Kd5 38. f3 Kd6 39. Kg6 Ke6 40. Kxh6
Kf6 41. Kh5 1-0

[Event "XXVII Festival A"]
[Site "Arco ITA"]
[Date "2005.10.22"]
[Round "1"]
[White "Scharrer, Patrick"]
[Black "La Manna, Andrea"]
[Result "1-0"]
[WhiteElo "2210"]
[BlackElo "1895"]
[PlyCount "59"]
[EventDate "2005.10.22"]

1. e4 d6 2. d4 Nf6 3. Nc3 c6 4. f3 Nbd7 5. Be3 e5 6. Qd2 Be7 7. O-O-O O-O 8. g4
b5 9. Kb1 Nb6 10. Qf2 Qc7 11. g5 Nfd7 12. h4 exd4 13. Bxd4 b4 14. Nce2 c5 15.
Be3 Ne5 16. h5 f5 17. gxf6 Bxf6 18. Bc1 Be6 19. Nf4 Bf7 20. Bh3 Rfe8 21. Nge2
Rab8 22. Nd5 Nxd5 23. exd5 Nc4 24. Nf4 Bd4 25. Rxd4 cxd4 26. Qxd4 Qc5 27. Qd3
Re5 28. Ka1 Bxd5 29. Nxd5 Qxd5 30. Qxd5+ 1-0

[Event "XXVII Festival A"]
[Site "Arco ITA"]
[Date "2005.10.22"]
[Round "1"]
[White "Sjoestroem, Olle"]
[Black "Agdestein, Simen"]
[Result "0-1"]
[WhiteElo "2011"]
[BlackElo "2582"]
[PlyCount "72"]
[EventDate "2005.10.22"]

1. c4 e5 2. Nf3 e4 3. Nd4 Nc6 4. Nc2 d5 5. cxd5 Qxd5 6. Nc3 Qe5 7. d4 exd3 8.
Qxd3 Nf6 9. e4 Bc5 10. Be3 Bxe3 11. Qxe3 O-O 12. Bc4 Re8 13. f3 a6 14. a3 Be6
15. Bxe6 Qxe6 16. O-O-O Rad8 17. Qf4 Ne5 18. Qe3 c5 19. Rxd8 Rxd8 20. Rd1 Rxd1+
21. Nxd1 Nfd7 22. Kb1 Qd6 23. Qe2 b5 24. Nde3 c4 25. Nd5 Nd3 26. g3 N7c5 27.
Ncb4 Nxb4 28. Nxb4 Qd4 29. Nd5 Qg1+ 30. Kc2 Nd3 31. Kc3 h6 32. Nb4 Nc5 33. Nc6
Na4+ 34. Kd2 Nxb2 35. Kc2 Nd3 36. Qd2 Qa1 0-1

[Event "XXVII Festival A"]
[Site "Arco ITA"]
[Date "2005.10.22"]
[Round "1"]
[White "Trauth, Michael"]
[Black "Del Nevo, Claudio"]
[Result "1/2-1/2"]
[WhiteElo "2225"]
[BlackElo "1925"]
[PlyCount "54"]
[EventDate "2005.10.22"]

1. Nf3 d6 2. g3 Nf6 3. Bg2 g6 4. c4 Bg7 5. Nc3 c6 6. Rb1 O-O 7. b4 Nbd7 8. b5
c5 9. O-O Rb8 10. d3 b6 11. e4 Bb7 12. Bg5 Qc7 13. Qd2 e6 14. Nh4 Nh5 15. Bh6
f5 16. Bxg7 Kxg7 17. f4 Ndf6 18. Rbe1 Rbd8 19. exf5 exf5 20. Bxb7 Qxb7 21. Re6
Qd7 22. Rfe1 Rfe8 23. Qe2 Rxe6 24. Qxe6 Qxe6 25. Rxe6 Kf7 26. Re2 Re8 27. Nf3
Rxe2 1/2-1/2

[Event "XXVII Festival A"]
[Site "Arco ITA"]
[Date "2005.10.22"]
[Round "1"]
[White "Vanzan, Alessandro"]
[Black "Romagnoli, Roberto"]
[Result "0-1"]
[WhiteElo "1862"]
[BlackElo "2139"]
[PlyCount "86"]
[EventDate "2005.10.22"]

1. c4 e6 2. a3 Nf6 3. Nc3 d5 4. cxd5 exd5 5. d4 Bf5 6. Nf3 h6 7. Bf4 c6 8. e3
Bd6 9. Ne5 O-O 10. Bd3 Bxd3 11. Qxd3 Re8 12. O-O Qe7 13. Ra2 Nbd7 14. Nf3 Ne4
15. Bxd6 Qxd6 16. b4 a6 17. Na4 b5 18. Nc5 Nexc5 19. bxc5 Qe6 20. Re2 g6 21.
Rfe1 f5 22. Nh4 Kg7 23. f4 Qe4 24. Qc3 a5 25. Nf3 Kf7 26. Ne5+ Nxe5 27. dxe5
Ke6 28. Rd2 b4 29. axb4 axb4 30. Qb2 Qc4 31. Rc1 Qb5 32. Rd4 Reb8 33. Qf2 Qb7
34. Qh4 Qg7 35. g4 b3 36. Rd2 b2 37. Rb1 Ra1 38. Qe1 Rxb1 39. Qxb1 Qb7 40. e4
fxe4 41. Kf2 Qb3 42. Ke2 Qf3+ 43. Ke1 Qh1+ 0-1

[Event "XXVII Festival A"]
[Site "Arco ITA"]
[Date "2005.10.22"]
[Round "1"]
[White "Wagman, Stuart"]
[Black "Dalla Vecchia, Paolo"]
[Result "1-0"]
[WhiteElo "2124"]
[BlackElo "1838"]
[PlyCount "117"]
[EventDate "2005.10.22"]

1. e4 e5 2. Nf3 Nc6 3. Bb5 a6 4. Bxc6 dxc6 5. O-O Bg4 6. h3 Bxf3 7. Qxf3 Qd7 8.
d3 Bc5 9. Nd2 f6 10. Nb3 Bb6 11. Be3 Bxe3 12. Qxe3 b6 13. d4 exd4 14. Qxd4
O-O-O 15. Qxd7+ Rxd7 16. Rad1 c5 17. Rxd7 Kxd7 18. Rd1+ Ke7 19. Nd2 Nh6 20. Nc4
Nf7 21. Ne3 Rd8 22. Rxd8 Nxd8 23. Kf1 Ne6 24. h4 g6 25. g3 c6 26. Ke2 b5 27. b3
Nd4+ 28. Kd3 Nf3 29. c3 h5 30. Ke2 Ne5 31. f4 Nd7 32. g4 hxg4 33. Nxg4 a5 34.
Ke3 b4 35. cxb4 cxb4 36. f5 gxf5 37. exf5 c5 38. h5 c4 39. bxc4 a4 40. Kd2 Kf7
41. h6 Nc5 42. Kc2 Ne4 43. Ne3 Kg8 44. Nd5 b3+ 45. axb3 axb3+ 46. Kxb3 Kh7 47.
Kb4 Kxh6 48. c5 Kg5 49. Ne7 Kf4 50. c6 Ke5 51. c7 Nd6 52. Kc5 Ne4+ 53. Kc6 Nd6
54. Kd7 Nc4 55. c8=Q Nb6+ 56. Kd8 Nxc8 57. Kxc8 Kd6 58. Kd8 Ke5 59. Kd7 1-0

[Event "XXVII Festival A"]
[Site "Arco ITA"]
[Date "2005.10.22"]
[Round "1"]
[White "Wohl, Aleksandar H."]
[Black "Blasco, Domenico"]
[Result "1-0"]
[WhiteElo "2439"]
[BlackElo "1994"]
[PlyCount "57"]
[EventDate "2005.10.22"]

1. e4 g6 2. d4 Bg7 3. Nc3 c6 4. Bf4 d5 5. exd5 cxd5 6. Nb5 Na6 7. c3 Nf6 8. Be2
O-O 9. Nf3 Nh5 10. Be3 Nc7 11. a4 a6 12. Na3 Qd6 13. Qd2 Bd7 14. a5 f5 15. Bh6
Bxh6 16. Qxh6 Qf4 17. Ng5 Nf6 18. h4 Ne6 19. Nc2 Bb5 20. Ne3 Rfd8 21. g3 Qd6
22. Bf3 Nf8 23. h5 Ne4 24. Nxh7 Nxg3 25. Nxf8 Nxh1 26. Bxd5+ Qxd5 27. Nxd5 Rxd5
28. Ne6 Kf7 29. Qxg6# 1-0

[Event "XXVII Festival A"]
[Site "Arco ITA"]
[Date "2005.10.22"]
[Round "1"]
[White "Ziltener, Werner"]
[Black "Scola, Matteo"]
[Result "1/2-1/2"]
[WhiteElo "2101"]
[BlackElo "1787"]
[PlyCount "101"]
[EventDate "2005.10.22"]

1. d4 Nf6 2. Nf3 g6 3. Bg5 Ne4 4. Bf4 c5 5. dxc5 Nc6 6. Qd5 Qa5+ 7. c3 Nf6 8.
Qc4 Bg7 9. e4 O-O 10. Nbd2 Ng4 11. Nb3 Qd8 12. Be2 a5 13. O-O b6 14. Qa4 Bb7
15. h3 Nge5 16. Nxe5 Nxe5 17. Rad1 Bc6 18. Bb5 Bxb5 19. Qxb5 a4 20. Nd4 bxc5
21. Qxc5 d6 22. Qb5 Qc7 23. Bxe5 Bxe5 24. Qc6 Qa7 25. Qb5 Rab8 26. Qe2 Qb6 27.
Rd2 Rb7 28. Qc4 Ra8 29. Qd3 Ra5 30. Rb1 Qc5 31. b4 axb3 32. Nxb3 Qxc3 33. Qxc3
Bxc3 34. Rc2 Bf6 35. Rbc1 Ra4 36. f3 Rba7 37. Kf2 Kg7 38. Nd2 Rxa2 39. Kg3 R7a3
40. Kf2 Bg5 41. Nc4 Ra6 42. Ne3 Bxe3+ 43. Kxe3 Rxc2 44. Rxc2 Kf6 45. h4 h6 46.
Rb2 Rc6 47. Kd4 Rc5 48. g4 h5 49. g5+ Ke6 50. f4 Rc1 51. Rf2 1/2-1/2

[Event "XXVII Festival A"]
[Site "Arco ITA"]
[Date "2005.10.22"]
[Round "1"]
[White "Zucchelli, Massimo"]
[Black "La Manna, Francesco"]
[Result "1-0"]
[WhiteElo "2162"]
[BlackElo "1886"]
[PlyCount "81"]
[EventDate "2005.10.22"]

1. d4 Nf6 2. c4 e6 3. Nf3 b6 4. a3 Bb7 5. Nc3 Be7 6. Qc2 d5 7. cxd5 exd5 8. g3
O-O 9. Bg2 c5 10. O-O Nc6 11. dxc5 bxc5 12. Bf4 Rc8 13. Rfd1 Qb6 14. e3 Na5 15.
Be5 Nb3 16. Rab1 d4 17. Bxf6 Bxf6 18. Ne4 Bxe4 19. Qxe4 Rfe8 20. Qf4 dxe3 21.
fxe3 c4 22. Nd4 Bxd4 23. exd4 Nxd4 24. Kh1 Ne2 25. Qg4 Qg6 26. Qxg6 hxg6 27.
Rd7 Rb8 28. Bd5 c3 29. Bxf7+ Kf8 30. Rf1 Rec8 31. Bxg6+ Kg8 32. bxc3 Rxc3 33.
Rxa7 Nd4 34. a4 Nf3 35. Be4 Ng5 36. Bd5+ Kh8 37. Rb7 Rd8 38. Bg2 Ra3 39. Rb4
Rd2 40. Rh4+ Nh7 41. Rf8# 1-0

[Event "XXVII Festival A"]
[Site "Arco ITA"]
[Date "2005.10.23"]
[Round "2"]
[White "Agdestein, Simen"]
[Black "Ketzscher, Roland"]
[Result "1-0"]
[WhiteElo "2582"]
[BlackElo "2143"]
[PlyCount "57"]
[EventDate "2005.10.22"]

1. e4 e6 2. d4 d5 3. Nc3 Bb4 4. e5 Ne7 5. a3 Bxc3+ 6. bxc3 c5 7. Qg4 Qc7 8.
Qxg7 Rg8 9. Qxh7 cxd4 10. Ne2 Nbc6 11. f4 Bd7 12. Qd3 dxc3 13. Qxc3 Rc8 14. Bd2
Nf5 15. Rb1 Qd8 16. Qd3 f6 17. Ng3 fxe5 18. Nxf5 exf5 19. Qxd5 Rg6 20. Be2 Be6
21. Qxd8+ Kxd8 22. O-O Nd4 23. Bh5 Rh6 24. Bd1 Nxc2 25. Rxb7 e4 26. Ba5+ Ke8
27. Bxc2 Rxc2 28. Rd1 Rc8 29. Bb4 1-0

[Event "XXVII Festival A"]
[Site "Arco ITA"]
[Date "2005.10.23"]
[Round "2"]
[White "Ager, Josef"]
[Black "Reppen, Sigmund"]
[Result "1-0"]
[WhiteElo "2246"]
[BlackElo "1916"]
[PlyCount "69"]
[EventDate "2005.10.22"]

1. Nf3 d5 2. c4 e6 3. g3 Nf6 4. Bg2 c6 5. O-O Be7 6. d4 Nbd7 7. Qc2 O-O 8. b3
Ne4 9. Bb2 f5 10. Ne1 Ndf6 11. f3 Ng5 12. Nd3 Bd7 13. Nd2 Rc8 14. a4 Qc7 15.
Rae1 Be8 16. c5 Kh8 17. Bc1 Nf7 18. e4 Ng8 19. b4 Bf6 20. Nb3 g5 21. Re2 Bd7
22. Rfe1 Rce8 23. exf5 exf5 24. Ne5 Re7 25. Bd2 Bxe5 26. dxe5 Be6 27. Nd4 Qc8
28. b5 Qd7 29. Qc3 h6 30. Nxf5 Ree8 31. Nd6 Rb8 32. f4 gxf4 33. gxf4 Ne7 34.
Kh1 h5 35. f5 1-0

[Event "XXVII Festival A"]
[Site "Arco ITA"]
[Date "2005.10.23"]
[Round "2"]
[White "Bartonicek, Zdenek sr"]
[Black "Wohl, Aleksandar H."]
[Result "0-1"]
[WhiteElo "2097"]
[BlackElo "2439"]
[PlyCount "74"]
[EventDate "2005.10.22"]

1. d4 Nf6 2. Nf3 g6 3. g3 Bg7 4. Bg2 O-O 5. O-O d6 6. c4 Nc6 7. Nc3 Bd7 8. e4
a5 9. d5 Nb4 10. Be3 Ng4 11. Bd4 Bh6 12. a3 c5 13. Bxc5 dxc5 14. axb4 cxb4 15.
Ne2 Bg7 16. Qd2 Qb6 17. Nf4 Rfc8 18. h3 Ne5 19. Nxe5 Bxe5 20. Nd3 Qd4 21. Qe2
Qxc4 22. Rfc1 Qb5 23. Bf1 Bd4 24. Qd2 Qb6 25. Kg2 Rxc1 26. Rxc1 Rc8 27. Rxc8+
Bxc8 28. Be2 b3 29. f4 a4 30. g4 a3 31. Qc1 Bd7 32. bxa3 b2 33. Qb1 Qb3 34. Bd1
Qxa3 35. Bc2 Ba4 36. Ne1 Qe3 37. Nd3 Qd2+ 0-1

[Event "XXVII Festival A"]
[Site "Arco ITA"]
[Date "2005.10.23"]
[Round "2"]
[White "Bronznik, Valerij"]
[Black "Crea, Vincenzo"]
[Result "1-0"]
[WhiteElo "2386"]
[BlackElo "2082"]
[PlyCount "105"]
[EventDate "2005.10.22"]

1. d4 d5 2. c4 c6 3. Nf3 Nf6 4. Nc3 a6 5. c5 Bf5 6. Bf4 h6 7. e3 e6 8. Be2 Be7
9. O-O Nbd7 10. Nd2 Qc8 11. b4 Bd8 12. a4 Bc7 13. Bxc7 Qxc7 14. b5 e5 15. Qb3
exd4 16. exd4 O-O 17. bxa6 bxa6 18. Nd1 Rfe8 19. Ne3 Bg6 20. Bd3 Reb8 21. Qc3
Bxd3 22. Qxd3 g6 23. Rfb1 Rxb1+ 24. Nxb1 Nf8 25. Nd2 Ne6 26. g3 a5 27. Rb1 Rb8
28. Rxb8+ Qxb8 29. Qc3 Kg7 30. Kg2 Qc7 31. Nc2 Nd8 32. Na1 Qa7 33. Nab3 Nb7 34.
Qe3 Qb8 35. Qe7 Qc8 36. Nf3 Ng8 37. Qe5+ f6 38. Qe1 Qd8 39. Qe6 Ne7 40. Ne1 Qc7
41. Nd3 Nd8 42. Qe1 Nb7 43. Nf4 Kf7 44. Qe6+ Kg7 45. h4 h5 46. Qe3 Kf7 47. f3
Qd7 48. Qe1 Qc7 49. Qe6+ Kg7 50. Kf2 Nd8 51. Qe1 Nf5 52. Qe8 Nxg3 53. Qxg6+ 1-0

[Event "XXVII Festival A"]
[Site "Arco ITA"]
[Date "2005.10.23"]
[Round "2"]
[White "Cazzaniga, Walter"]
[Black "Savarese, Vincenzo"]
[Result "1-0"]
[WhiteElo "2104"]
[BlackElo "1778"]
[PlyCount "113"]
[EventDate "2005.10.22"]

1. d4 d5 2. c4 e6 3. Nc3 c6 4. Nf3 Nf6 5. Bg5 Nbd7 6. e3 Qa5 7. Nd2 Bb4 8. Qc2
O-O 9. Be2 c5 10. O-O cxd4 11. Nb3 Qc7 12. Nb5 Qb6 13. exd4 dxc4 14. Qxc4 Nd5
15. a3 Bd6 16. Rac1 a6 17. Nxd6 Qxd6 18. Bf3 N7b6 19. Qc5 Qxc5 20. dxc5 Na4 21.
Rc2 Bd7 22. Bxd5 exd5 23. Nd4 Rac8 24. Be7 Rfe8 25. Bd6 Re4 26. Rd1 Rce8 27. f3
Re1+ 28. Rxe1 Rxe1+ 29. Kf2 Rb1 30. b3 Nb2 31. c6 bxc6 32. Nxc6 Bxc6 33. Rxc6
h6 34. Ke2 Rg1 35. Rxa6 Rxg2+ 36. Ke3 Nd1+ 37. Kd3 Rb2 38. b4 Nf2+ 39. Kc3 Nd1+
40. Kd3 Nf2+ 41. Kd4 Rd2+ 42. Ke3 Rb2 43. Be5 Nd1+ 44. Kd3 Nf2+ 45. Kc3 Nd1+
46. Kd4 Rd2+ 47. Kc5 f6 48. Bd4 Rxh2 49. b5 Nb2 50. b6 Nd3+ 51. Kd6 Ne5 52.
Bxe5 fxe5 53. b7 Rb2 54. Ra8+ Kh7 55. b8=Q Rxb8 56. Rxb8 d4 57. Kxe5 1-0

[Event "XXVII Festival A"]
[Site "Arco ITA"]
[Date "2005.10.23"]
[Round "2"]
[White "Coimbra, Margarida"]
[Black "Ludovici, Roberto"]
[Result "1/2-1/2"]
[WhiteElo "2084"]
[BlackElo "1726"]
[PlyCount "44"]
[EventDate "2005.10.22"]

1. e4 c5 2. Nc3 Nc6 3. g3 g6 4. Bg2 Bg7 5. d3 d6 6. Be3 Nf6 7. h3 Bd7 8. Nge2
Rb8 9. O-O Qc8 10. Kh2 h5 11. Bg5 Nd4 12. Nxd4 cxd4 13. Nd5 Nxd5 14. exd5 f6
15. Bd2 h4 16. g4 Qc5 17. Re1 Kf7 18. Qe2 Bf8 19. Rac1 Qb5 20. b3 Rc8 21. g5
Re8 22. Qe4 Bf5 1/2-1/2

[Event "XXVII Festival A"]
[Site "Arco ITA"]
[Date "2005.10.23"]
[Round "2"]
[White "Dalponte, Dino"]
[Black "Murli, Almerico"]
[Result "1-0"]
[WhiteElo "2101"]
[BlackElo "1803"]
[PlyCount "61"]
[EventDate "2005.10.22"]

1. d4 Nf6 2. Nf3 g6 3. c3 Bg7 4. Nbd2 d6 5. e3 O-O 6. Bd3 c5 7. O-O Nc6 8. a3
a6 9. Ne4 Nxe4 10. Bxe4 d5 11. Bd3 c4 12. Bc2 Bg4 13. h3 Bxf3 14. Qxf3 f5 15.
Qe2 e6 16. f3 Bh6 17. e4 Bxc1 18. Raxc1 Qb6 19. exd5 Nxd4 20. cxd4 Qxd4+ 21.
Kh1 Qxd5 22. Rcd1 Qc6 23. Rfe1 Rfe8 24. Qe5 Qb5 25. Qxb5 axb5 26. Re5 c3 27.
Rxb5 cxb2 28. Rxb2 Rxa3 29. Rxb7 Re3 30. Bb3 h5 31. Rdd7 1-0

[Event "XXVII Festival A"]
[Site "Arco ITA"]
[Date "2005.10.23"]
[Round "2"]
[White "De Santis, Alessio"]
[Black "Agostini, Guillermo"]
[Result "1-0"]
[WhiteElo "2331"]
[BlackElo "2050"]
[PlyCount "145"]
[EventDate "2005.10.22"]

1. d4 Nf6 2. c4 d6 3. Nc3 g6 4. e4 Bg7 5. Be2 Nbd7 6. h4 h5 7. Nh3 e5 8. d5 Nc5
9. Ng5 a5 10. f3 Nh7 11. Be3 f6 12. Nxh7 Rxh7 13. Qd2 f5 14. exf5 gxf5 15.
O-O-O b6 16. Kb1 Qe7 17. Nb5 Bf6 18. Rh2 Kd8 19. Nc3 Bd7 20. Rdh1 Kc8 21. Bd1
Rg7 22. Bc2 Kb7 23. Bf2 Rag8 24. g3 Qe8 25. Re1 Re7 26. Rhh1 Qf7 27. Re2 Rge8
28. Rhe1 Qg7 29. Nd1 Ra8 30. Rg1 Qf8 31. Be3 Qg8 32. Bg5 Rf7 33. f4 e4 34. Bxf6
Rxf6 35. Re3 Qh8 36. Nf2 Rg6 37. Nh3 a4 38. a3 Qg8 39. Ng5 c6 40. Bd1 Rh6 41.
Be2 cxd5 42. cxd5 Qe8 43. Qd4 Kc7 44. Rc1 Qe7 45. Qd1 Qe8 46. Qd4 Qe7 47. Qb4
Kb7 48. Rec3 Ra5 49. Qd4 Bb5 50. Bxb5 Rxb5 51. Qc4 Ra5 52. Ne6 Rxe6 53. dxe6
Qxe6 54. Qd4 Kc6 55. Rc4 Kd7 56. Rb4 d5 57. Rd1 Kc6 58. Qe3 Ra8 59. Qe2 Nb3 60.
Qb5+ Kb7 61. Rxd5 Rc8 62. Rd7+ Rc7 63. Rxc7+ Kxc7 64. Qc4+ Qxc4 65. Rxc4+ Kd6
66. Kc2 Nc5 67. Rd4+ Ke6 68. Rb4 Kd5 69. Kd2 Kc6 70. Ke3 b5 71. Rd4 Ne6 72. Rd2
Kc5 73. Rc2+ 1-0

[Event "XXVII Festival A"]
[Site "Arco ITA"]
[Date "2005.10.23"]
[Round "2"]
[White "Del Nevo, Claudio"]
[Black "Lymar, Irina"]
[Result "0-1"]
[WhiteElo "1925"]
[BlackElo "2309"]
[PlyCount "59"]
[EventDate "2005.10.22"]

1. d4 d6 2. Nf3 Nf6 3. Bg5 Nbd7 4. e3 h6 5. Bh4 e5 6. Nbd2 Be7 7. Bxf6 Bxf6 8.
c3 O-O 9. Bd3 d5 10. dxe5 Nxe5 11. Nxe5 Bxe5 12. Nf3 Bf6 13. Qc2 c5 14. Bf5 d4
15. Rd1 Qa5 16. O-O dxc3 17. bxc3 Qxc3 18. Qxc3 Bxc3 19. Bxc8 Rfxc8 20. Rd7 b5
21. Rfd1 b4 22. Rb7 a5 23. Kf1 a4 24. Rdd7 b3 25. a3 Rab8 26. Rxb8 Rxb8 27. Rd1
b2 28. Rb1 Rb3 29. Ne1 Rxa3 30. Nc2 0-1